Records de la Ligue 1. - Statistiques

Statistiques générales
  • Ce quiz a été pris 3 681 fois
    2 565 depuis la dernière actualisation
  • Le résultat moyen est 6 sur 12
Statistiques - réponses
Record Score Club % Correct
Plus grand nombre de titres 11 Paris Saint Germain
100%
Plus grand nombre de titres consécutifs 7 Olympique lyonnais
98%
Plus grand nombre de saisons 72 Olympique de Marseille
96%
Plus grande série d'invincibilité 36 Paris SG
94%
Plus grand nombre de matchs 2474 Olympique de Marseille
93%
Plus grand nombre de buts sur une saison 118 RC Paris
33%
Plus grand nombre de matchs 618 Mickaël Landreau
17%
Plus grand nombre de matchs 894 Entraîneur:{Guy Roux}
15%
Plus grand nombre de buts 299 Delio Onnis
10%
Plus grand nombre de buts sur une saison 44 Josip Skoblar
9%
Invincibilité pour un gardien 1176 min Gaëtan Huard
6%
Plus grand nombre de titres 8 Entraîneur:{Albert Batteux}
2%
Aucun quiz correspondant
Distribution des résultats
% des personnes avec chaque résultat
Percentile par nombre de réponses
Votre historique - résultats
Vous n’avez pas pris ce quiz depuis la dernière actualisation